Scotland Council Quiz - Aberdeenshire - Statistics

General Stats
  • This quiz has been taken 157 times
  • The average score is 10 of 15
Answer Stats
Hint Answer % Correct
Major Aberdeenshire river which passes through Kemnay and Inverurie Don
94%
Town at the easternmost point in mainland Scotland, and known as 'The Bloo Toon' Peterhead
92%
Royal Residence on the south bank of the River Dee Balmoral
85%
National Park which occupies the western part of Aberdeenshire Cairngorms
83%
Name given to a mountain over 3000 feet, of which there are several in Aberdeenshire Munro
79%
Aberdeen Football Club was led by this highly successful manager between 1978 and 1986 Alex Ferguson
77%
Town in the far northeast corner of Aberdeenshire, one of Europe's biggest shellfish ports Fraserburgh
77%
Popular name for the Mid Northern Scots dialect spoken in Aberdeenshire Doric
75%
Town on the north coast of Aberdeenshire which has the same name as a town in Alberta Banff
58%
Major mountain range which extends from Aberdeenshire to the west coast and in which the above National Park is situated Grampian Mountains
52%
The attractive and popular area of forests, mountains, moors and villages which follow the course of the River Dee is often known by this name Deeside
50%
Second highest mountain in Britain which sits near the boundary with Moray Ben Macdui
42%
Set locally, the children's book 'The Old Man of Lochnagar' was written by this heir apparent Prince Charles
40%
National Trust castle near Drumoak which has a medieval grand hall and old tower house Drum Castle
29%
Gight Castle, near Fyvie, was once owned by the mother of this Romantic movement poet Lord Byron
20%
No matching quizzes found
Score Distribution
Percent of People with Each Score
Percentile by Number Answered
Your Score History
You have not taken this quiz